| 000 | 00700nam a22002417a 4500 | ||
|---|---|---|---|
| 003 | BPGM | ||
| 005 | 20260627185457.0 | ||
| 008 | 260627b1987 mx ||||| |||| 001 0 spa d | ||
| 020 | _aSIN ISBN | ||
| 040 |
_aBPGM _bspa |
||
| 041 |
_aspa _hspa |
||
| 082 | 0 | 4 | _aCQ / 352.0072 / M8 |
| 100 | _aDE LA MADRID HURTADO, MIGUEL. | ||
| 245 | _aLOS MUNICIOS DE QUERETARO | ||
| 260 |
_aMEXICO, _bBIIBLIOTECA PUBLICA CENTRAL EL ESTADO DE JUAREZ, _c1987. |
||
| 300 |
_a108 paginas, _c27.5 cm x 21.5 cm |
||
| 336 |
_2rdacontent _atexto _btxt |
||
| 337 |
_2rdamedia _asin mediación _bn |
||
| 338 |
_2rdacarrier _avolumen _bnc |
||
| 650 | _2CIENCIAS SOCIALES | ||
| 650 | _2GRUPOS SOCIALES | ||
| 942 |
_2ddc _cCOLQ |
||
| 999 |
_c68690 _d68690 |
||